A history of parliamentary elections and electioneering, from the Stuarts to Queen Victoria. : A new ed., with 92 illus. from political squibs, lampoons, satires, and caricatures /

Bibliographic Details
Main Author: Grego, Joseph, 1843-1908
Format: Book
Language:English
Published: Detroit : Gale Research Co., 1974.
Subjects:

MARC

Tag First Indicator Second Indicator Subfields
LEADER 00000pam a2200000 4500
001 in00000097360
005 20150925114802.0
008 740408r19741892miua 00000 eng
010 |a  73141755  
020 |a 0810340305 
035 |a (OCoLC)00873949 
035 |9 AAL2816AM 
040 |a DLC  |c DLC  |d TXA  |d UtOrBLW 
043 |a e-uk--- 
049 |a TXAM  |c [1405352] 
050 0 0 |a JN951  |b .G8 1974 
082 0 |a 329/.023/42 
100 1 |a Grego, Joseph,  |d 1843-1908. 
245 1 2 |a A history of parliamentary elections and electioneering, from the Stuarts to Queen Victoria. :  |b A new ed., with 92 illus. from political squibs, lampoons, satires, and caricatures /  |c London, Chatto & Windus, 1892. 
264 1 |a Detroit :  |b Gale Research Co.,  |c 1974. 
300 |a xxvii, 403 pages :  |b illustrations ;  |c 22 cm. 
336 |a text  |b txt  |2 rdacontent 
337 |a unmediated  |b n  |2 rdamedia 
338 |a volume  |b nc  |2 rdacarrier 
610 1 0 |a Great Britain.  |b Parliament  |x Elections. 
651 0 |a Great Britain  |x Politics and government. 
999 |a MARS 
999 f f |s 3f8c2540-96dd-3dfe-8f8a-881eb8bcc038  |i 8f828db8-9122-3d34-95ee-50a49fd0a051  |t 0 
952 f f |p ric  |a Texas A&M University  |b Rellis Campus  |c Joint Library Facility  |d Remote Storage  |t 0  |e JN951 .G8 1974  |h Library of Congress classification  |i unmediated -- volume  |m A14803112934 
998 f f |a JN951 .G8 1974  |t 0  |l Remote Storage